00695nam a2200193 a 450000100100000000500170001000800410002704000250006808200150009311000320010824000180014024500990015826000340025730000200029104900090031171000510032095201130037199900170048400002511720240307073947.0110210s1997 dr 000 0 spa d aDO-SdBNPbspacBNPHU axxxbR426l1 aRepública Dominicana944710a[Leyes, etc.]10aLey no. 118 de telecomunicaciones :bley no. 6132 de expresión y difusión del pensamiento. aSanto Domingo :bUASD,c1997. a80 p. ;c22 cm. aBNPD1 aUniversidad Autónoma de Santo Domingo972951 0010718PDaPDbPDcHDd2011-02-10iLF1l0oxxx R426lp25117-10r2020-06-25w2020-06-25yLFPDZNo se presta c24610d24610